Constitución (Record no. 47034)
[ view plain ]
| 000 -LEADER | |
|---|---|
| campo de control de longitud fija | 00587nam a2200181 i 4500 |
| 001 - NÚMERO DE CONTROL | |
| campo de control | 47034 |
| 003 - IDENTIFICADOR DE NÚMERO DE CONTROL | |
| campo de control | ES-MaACL |
| 005 - FECHA Y HORA DE LA ÚLTIMA TRANSACCIÓN | |
| campo de control | 20230906161505.0 |
| 007 - CAMPO FIJO DE DESCRIPCIÓN FÍSICA--INFORMACIÓN GENERAL | |
| campo de control de longitud fija | t| |
| 008 - DATOS DE LONGITUD FIJA--INFORMACIÓN GENERAL | |
| campo de control de longitud fija | 030403s1977 sp ||||1| spa d |
| 110 2# - ENTRADA PRINCIPAL--NOMBRE DE ENTIDAD CORPORATIVA | |
| Nombre de entidad corporativa o nombre de jurisdicción como elemento de entrada | URSS. |
| 9 (RLIN) | 7521 |
| 240 10 - TÍTULO UNIFORME | |
| Título uniforme | Konstitutsiia. |
| Fecha de publicación/de la obra | 1977 |
| 245 10 - MENCIÓN DEL TÍTULO | |
| Título | Constitución |
| Resto del título | : (Ley fundamental) de la Unión de Repúblicas Socialistas Soviéticas / |
| Mención de responsabilidad, etc. | informe de L. I. Brezhnev... el 4 de octubre de 1977. |
| 260 ## - PUBLICACIÓN, DISTRIBUCIÓN, ETC. | |
| Lugar de publicación, distribución, etc. | Madrid : |
| Nombre del editor, distribuidor, etc. | Rubiños, |
| Fecha de publicación, distribución, etc. | 1977. |
| 300 ## - DESCRIPCIÓN FÍSICA | |
| Extensión | 110 p. ; |
| Dimensiones | 18 cm. |
| 700 1# - ENTRADA AGREGADA--NOMBRE PERSONAL | |
| Nombre de persona | Brezhnev, Leónidas I. |
| 9 (RLIN) | 31664 |
| 852 ## - LOCALIZACIÓN | |
| Ubicación | ES-MaACL |
| Número de control de estantería | A-7697 |
| Sublocalización o colección | R.96778 |
| Estatus retirado | Estado de pérdida | Estado de daño | No para préstamo | Biblioteca de origen | Biblioteca actual | Ubicación en estantería | Fecha de adquisición | Fuente de adquisición | Total de préstamos | Signatura topográfica completa | Código de barras | Visto por última vez | Precio de reemplazo | Tipo de ítem Koha |
|---|---|---|---|---|---|---|---|---|---|---|---|---|---|---|
| Biblioteca del Ateneo de Madrid | Biblioteca del Ateneo de Madrid | Sala Pecera Planta 1 | 17/01/2008 | A-7697 | 1049470 | 23/02/2023 | 23/02/2023 | Libro impreso |
